Brno - trolleybus stops - Statistics

General Stats
  • This quiz has been taken 3 times
  • The average score is 20 of 118
Answer Stats
Answer % Correct
Anthropos
100%
Hlavní
100%
Hlavní nádraží
100%
Kamenný vrch
100%
Komenského náměstí
100%
Koniklecová
100%
Lesní
100%
Lesnická
100%
Mendlovo náměstí
100%
Nemocnice Bohunice
100%
Oblá
100%
Pisárky
100%
Raisova
100%
Stará osada
100%
Štefánikova čtvrť
100%
Výstaviště, hlavní vstup
100%
Česká
50%
Čtvrtě
50%
Konečného náměstí
50%
Masná
50%
Novolíšeňská
50%
Pionýrská
50%
Semilasso
50%
Úvoz
50%
Akátky
0%
Antonína Procházky
0%
Arena Brno
0%
Bartákova
0%
Barvičova
0%
Bellova
0%
Bořetická
0%
Borodinova
0%
Brněnky
0%
Bzenecká
0%
Čápkova
0%
Čejkovická
0%
Černého
0%
Černovičky
0%
Chaloupky
0%
Filipova
0%
Glinkova
0%
Husitská
0%
Jindřichova
0%
Jírova
0%
Jírovcova
0%
Kamenolom
0%
Kampelíkova
0%
Kluchova
0%
Klusáčkova
0%
Komín, sídliště
0%
Královo Pole, nádraží
0%
Křehlíkova
0%
Krejčího
0%
Kristenova
0%
Laštůvkova
0%
Libušina třída
0%
Libušino údolí
0%
Lísky
0%
Makovského náměstí
0%
Marie Pujmanové
0%
Merhautova
0%
Mutěnická
0%
Náměstí 28. dubna
0%
Náměstí Republiky
0%
Náměstí Svornosti
0%
Neumannova
0%
Obilní trh
0%
Olbrachtovo náměstí
0%
Olomoucká, u školy
0%
Pálavské náměstí
0%
Pavlíkova
0%
Pavlovská
0%
Podlesí
0%
Podveská
0%
Přemyslovo náměstí
0%
Preslova
0%
Přívrat
0%
Provazníkova
0%
Prušánecká
0%
Řezáčova
0%
Řípská
0%
Rotreklova
0%
Skácelova
0%
Šlapanice, Čechova
0%
Šlapanice, Kalvodova
0%
Šlapanice, sídliště
0%
Slovanské náměstí
0%
Smetanova
0%
Soukopova
0%
Spáčilova
0%
Spojovací
0%
Stamicova
0%
Staré letiště
0%
Štursova
0%
Sušilova
0%
Svatoplukova
0%
Svratecká
0%
Talichova
0%
Tomkovo náměstí
0%
Tvrdého
0%
Údolíček
0%
Univerzitní kampus
0%
Vaňkovo náměstí
0%
Vlárská
0%
Vlčnovská
0%
Vlhká
0%
Vondrákova
0%
Voříškova
0%
Vozovna Husovice
0%
Vozovna Slatina
0%
Vrázova
0%
Vychodilova
0%
Záhřebská
0%
Za Lužánkami
0%
Zemská knihovna
0%
Židenice, kasárna
0%
Životského
0%
Žlutý kopec
0%
No matching quizzes found
Score Distribution
Percent of People with Each Score
Percentile by Number Answered
Your Score History
You have not taken this quiz